[Event "Turkish Super League 2019"]
[Site "Konya"]
[Date "2019.07.27"]
[Round "12"]
[White "Dimitrov, Radoslav"]
[Black "Mamedov, Rauf"]
[Result "0-1"]
[WhiteElo "2530"]
[BlackElo "2650"]
[Annotator "TA"]
[PlyCount "62"]
[EventDate "2019.07.17"]
[EventType "team-tourn"]
[EventCountry "TUR"]
[SourceTitle "playchess.com"]
[Source "ChessBase"]
[SourceQuality "1"]

{[%evp 9,222,5,0,-1,3,-24,-17,-18,-23,-27,-13,-23,-18,-27,-27,-25,-31,-31,-29,-29,-24,-24,-27,-28,-13,-37,-21,-17,-35,-50,-49,-45,-26,-41,-54,-51,-41,-53,-55,-58,-50,-78,-69,-72,0,-44,-44,-43,-30,-30,-45,-66,-31,-36,-34,-116,-116,-116,-116,-113,-116,-120,-95,-105,-97,-107,-107,-107,-106,-107,-107,-107,-91,-91,-91,-91,-93,-94,-95,-97,-89,-89,-89,-91,-91,-100,-70,-77,-82,-5398,-5043,-5104,-3101,-12827,-12494,-12830,-12832,-12829,-12829,-12833,-12834,-12833,-12828,-12833,-12834,-12832,-12827,-12835,0,-12830,-12820,-12836,-12837,-12834,-12836,-12838,-12841,-12841,-12842,-12841,-12843,-12849,-12851,-12848,-12847,-29939,-29940,-29938,-12848,-29949,-29950,-29945,-12848,-29948,-29952,-29947,-29952,-29954,-29957,-29955,-29957,-29964,-29967,-29966,-29967,-29967,-29969,-29969,-29971,-29966,-29963,-29976,-29979,-29979,-29980,-29981,-29982,-29984,-29985,-29985,-29985,-29986,-29987,-29987,-29988,-29989,-29988,-29988,-29986,-29986,-29986,-29986,-29986,-29986,-29986,-29986,-29987,-29985,-29978,-29978,-29979,-29979,-29980,-29979,-29980,-29980,-29981,-29981,-29983,-29983,-29984,-29983,-29985,-29985,-29984,-29986,-29987,-29988,-29989,-29989,-29990,-29990,-29991,-29991,-29992,-29992,-29993,-29993,-29994,-29994,-29995,-29995,-29996,-29996,-29997]} 1. e4 c5 2. Nc3 Nc6 3. Bb5 Nd4 4. Bc4 a6 5. Nf3 b5 6. Bd5 {B23: Closed Sicilian: Lines without g3} (6. Bd3 Nc6 7. O-O g6 8. a4 b4 9. Nd5 Bg7 10. c3 e6 11. Re1 Nge7 12. Nxe7 Qxe7 {1-0 (41) Grischuk,A (2772)-Mamedov,R (2709) Huaian 2017}) 6... Rb8 {aiming for ...e6.} 7. Nxd4 (7. a3 {seems wilder.} Nf6 8. Ba2 d6 9. Nxd4 cxd4 10. Ne2) 7... cxd4 8. Ne2 {The position is equal.} Nf6 9. Bb3 $146 ({Predecessor:} 9. Nxd4 e6 10. Bb3 {½-½ (41) Shyam,S (2402)-Konguvel,P (2463) Mangalore 2008}) 9... Nxe4 10. Nxd4 e6 11. c3 Bb7 12. O-O Bd6 13. d3 Nf6 14. Qe2 Qc7 15. h3 O-O 16. a4 bxa4 17. Bxa4 Nd5 18. Nf3 Bf4 19. Be3 Nxe3 20. fxe3 Bg3 21. e4 d5 22. e5 {[#]} d4 $1 {[%cal Rd4c3][%mdl 512]} 23. cxd4 Bd5 24. Qe3 {Qg5 is the strong threat.} f5 (24... Rxb2 $2 25. Qg5 $18) 25. b3 f4 26. Qc1 Qd8 (26... Qb7 $17) 27. Bc6 {Strongly threatening Bxd5.} (27. Qc5 $5 {[%cal Ra4c6]}) 27... Bxf3 $1 ({Of course not} 27... Rxb3 $6 28. Bxd5 Qxd5 29. Qc4 $14 (29. Rxa6 Rxd3 30. Qc2 Rxf3 $14 {[%mdl 64] Remove Defender})) 28. Bxf3 Qxd4+ {[%mdl 64] Double Attack} 29. Kh1 Qxd3 30. Qc6 Rfe8 ({Reject} 30... Rxb3 $6 31. Qxe6+ Kh8 32. Rfd1 $14) 31. b4 Qd4 {Played: Qd3-b5} 0-1

[Event "Turkish Super League 2019"]
[Site "Konya"]
[Date "2019.07.27"]
[Round "12"]
[White "Iljiushenok, Ilia"]
[Black "Abasov, Nijat"]
[Result "1-0"]
[WhiteElo "2520"]
[BlackElo "2641"]
[Annotator "ChessBase"]
[PlyCount "103"]
[EventDate "2019.07.17"]
[EventType "team-tourn"]
[EventCountry "TUR"]
[SourceTitle "playchess.com"]
[Source "ChessBase"]
[SourceQuality "1"]
[TimeControl "40/5400+30:1800+30"]

1. e4 c5 2. Nc3 Nc6 3. Nf3 e5 4. Bc4 Be7 5. d3 Nf6 6. O-O O-O 7. a4 d6 8. h3 Nb4 9. Ne2 Be6 10. Bxe6 fxe6 11. Ng3 Nc6 12. c3 d5 13. Bd2 Qc7 14. Qe2 Nd7 15. Rab1 d4 16. cxd4 exd4 17. Ng5 Bxg5 18. Bxg5 Nde5 19. Bd2 Ng6 20. Nh5 e5 21. b4 cxb4 22. Bxb4 Rf7 23. Rfc1 Qd7 24. Ba3 Nd8 25. Rc4 Ne6 26. Qg4 Re8 27. Rb5 Nef4 28. Nxf4 Qxg4 29. hxg4 Nxf4 30. Rxe5 Rd8 31. g3 Nh3+ 32. Kg2 Nxf2 33. Rxd4 Rc8 34. Rc5 Rb8 35. Rcd5 h6 36. Rd8+ Rxd8 37. Rxd8+ Kh7 38. e5 Nxg4 39. e6 {[%emt 1:46:45]} Ne3+ {[%emt 1:41:17]} 40. Kh3 {[%emt 0:00:30]} Rf1 {[%emt 0:00:30]} 41. g4 {[%emt 0:30:30]} Rf3+ {[%emt 0:01:43]} 42. Kh2 {[%emt 0:00:00]} Nxg4+ {[%emt 0:00:30]} 43. Kg2 {[%emt 0:00:00]} Re3 {[%emt 0:00:30]} 44. e7 {[%emt 0:00:00]} Nf6 {[%emt 0:00:00]} 45. Bc5 {[%emt 0:00:00]} Re6 {[%emt 0:08:00]} 46. d4 {[%emt 0:00:00]} b6 {[%emt 0:00:00]} 47. Ba3 {[%emt 0:00:00]} Re3 {[%emt 0:01:00]} 48. Bd6 {[%emt 0:00:00]} Kg6 {[%emt 0:00:30]} 49. Rf8 {[%emt 0:00:00]} Re6 {[%emt 0:01:30]} 50. Ba3 {[%emt 0:00:00]} Re3 {[%emt 0:00:30]} 51. d5 {[%emt 0:00:00]} Rxa3 {[%emt 0:02:30]} 52. Rxf6+ {[%emt 0:00:00]} 1-0

[Event "Turkish Super League 2019"]
[Site "Konya"]
[Date "2019.07.27"]
[Round "12"]
[White "Asadli, Vugar"]
[Black "Visakh N R"]
[Result "1/2-1/2"]
[WhiteElo "2502"]
[BlackElo "2526"]
[Annotator "ChessBase"]
[PlyCount "63"]
[EventDate "2019.07.17"]
[EventType "team-tourn"]
[EventCountry "TUR"]
[SourceTitle "playchess.com"]
[Source "ChessBase"]
[SourceQuality "1"]
[TimeControl "40/5400+30:1800+30"]

1. e4 c5 2. Nc3 a6 3. Nf3 d6 4. d4 cxd4 5. Nxd4 Nf6 6. h3 e5 7. Nde2 h5 8. Bg5 Be6 9. Bxf6 Qxf6 10. Nd5 Qd8 11. Qd3 Nd7 12. O-O-O g6 13. Kb1 Nc5 14. Qf3 Bg7 15. Nec3 Rc8 16. Rg1 b5 17. a3 Kf8 18. g4 Qg5 19. Be2 hxg4 20. hxg4 Bh6 21. Rg3 Bg7 22. Ne3 Rd8 23. Nf5 Qf4 24. Qg2 {[%emt 1:04:00]} Bf6 {[%emt 1:28:50]} 25. Ne3 {[%emt 0:07:30]} Qg5 {[%emt 0:01:37]} 26. Ncd5 {[%emt 0:01:30]} Bxd5 {[%emt 0:01:32]} 27. Nxd5 {[%emt 0:02:30]} Ne6 {[%emt 0:00:08]} 28. Rh3 {[%emt 0:02:30]} Rxh3 {[%emt 0:01:27]} 29. Qxh3 {[%emt 0:00:30]} Bg7 {[%emt 0:00:19]} 30. Qc3 {[%emt 0:01:30]} Nd4 {[%emt 0:01:17]} 31. Bf3 {[%emt 0:01:30]} Qh4 {[%emt 0:00:22]} 32. Rh1 {[%emt 0:02:30]} 1/2-1/2

[Event "Turkish Super League 2019"]
[Site "Konya"]
[Date "2019.07.27"]
[Round "12"]
[White "Atalik, Ekaterina"]
[Black "Savina, Anastasia"]
[Result "1-0"]
[WhiteElo "2459"]
[BlackElo "2344"]
[Annotator "ChessBase"]
[PlyCount "77"]
[EventDate "2019.07.17"]
[EventType "team-tourn"]
[EventCountry "TUR"]
[SourceTitle "playchess.com"]
[Source "ChessBase"]
[SourceQuality "1"]
[TimeControl "40/5400+30:1800+30"]

1. Nf3 g6 2. d4 Bg7 3. g3 Nf6 4. b3 O-O 5. Bb2 b5 6. Bg2 Bb7 7. O-O d6 8. Na3 c6 9. Ne1 b4 10. Nc4 Nbd7 11. Nd3 a5 12. a3 d5 13. Nce5 Nxe5 14. dxe5 Nd7 15. e4 dxe4 16. Bxe4 Qc7 17. axb4 axb4 18. Rxa8 Bxa8 19. e6 Bxb2 20. exf7+ Rxf7 21. Nxb2 Nf6 22. Bg2 Bb7 23. Nd3 Ba6 24. Re1 Bxd3 25. Qxd3 Qb6 26. Qe3 {[%emt 0:51:00]} Qxe3 {[%emt 1:41:29]} 27. Rxe3 {[%emt 0:00:30]} c5 {[%emt 0:00:30]} 28. Bh3 {[%emt 0:00:30]} Rf8 {[%emt 0:00:30]} 29. Rxe7 {[%emt 0:00:30]} Ra8 {[%emt 0:00:59]} 30. Rc7 {[%emt 0:04:30]} Ne4 {[%emt 0:00:58]} 31. Be6+ {[%emt 0:01:30]} Kf8 {[%emt 0:00:28]} 32. Bd5 {[%emt 0:00:30]} Ra1+ {[%emt 0:00:48]} 33. Kg2 {[%emt 0:00:30]} Nc3 {[%emt 0:00:00]} 34. Bc4 {[%emt 0:00:30]} Rd1 {[%emt 0:00:43]} 35. Rf7+ {[%emt 0:03:30]} Ke8 {[%emt 0:00:03]} 36. Rxh7 {[%emt 0:00:00]} g5 {[%emt 0:00:53]} 37. Rg7 {[%emt 0:02:00]} Rd2 {[%emt 0:00:10]} 38. Rxg5 {[%emt 0:01:30]} Rxc2 {[%emt 0:00:38]} 39. Rxc5 {[%emt 0:00:30]} 1-0

[Event "Turkish Super League 2019"]
[Site "Konya"]
[Date "2019.07.27"]
[Round "12"]
[White "Soysal, Serkan"]
[Black "Yurtseven, Melih"]
[Result "0-1"]
[WhiteElo "2431"]
[BlackElo "2381"]
[Annotator "NA"]
[PlyCount "108"]
[EventDate "2019.07.17"]
[EventType "team-tourn"]
[EventCountry "TUR"]
[SourceTitle "playchess.com"]
[Source "ChessBase"]
[SourceQuality "1"]
[TimeControl "40/5400+30:1800+30"]

1. d4 Nf6 2. Nf3 c5 3. c3 b6 4. Bg5 Bb7 5. Nbd2 d5 6. e3 Nbd7 7. Bd3 g6 8. Bxf6 exf6 9. O-O f5 10. dxc5 bxc5 11. Bb5 a6 12. Bxd7+ Qxd7 13. Ne5 Qb5 14. c4 dxc4 15. Ndxc4 Rd8 16. Qc2 Be4 17. Qb3 f6 18. Nf3 Rd3 19. Qxb5+ axb5 20. Na3 Bc6 21. Rac1 Kd7 22. Rfd1 Rxd1+ 23. Rxd1+ Kc7 24. Nb1 Bd6 25. a3 Ra8 26. Nbd2 f4 27. exf4 Bxf4 28. Nb3 Bxf3 29. gxf3 Kc6 30. Nc1 c4 31. Na2 Bd6 32. Rd4 {[%emt 1:42:26]} g5 {[%emt 1:43:51]} 33. h3 {[%emt 0:00:30]} Kc5 {[%emt 0:00:30]} 34. Rd2 {[%emt 0:00:30]} Bf4 {[%emt 0:00:30]} 35. Rd1 {[%emt 0:00:30]} Be5 {[%emt 0:00:30]} 36. Rd2 {[%emt 0:00:30]} Ra6 {[%emt 0:00:30]} 37. Kf1 {[%emt 0:00:41]} Bf4 {[%emt 0:01:52]} 38. Rd7 {[%emt 0:01:09]} Be5 {[%emt 0:01:12]} 39. Rd2 {[%emt 0:00:05]} Re6 {[%emt 0:00:00]} 40. Nc3 {[%emt 0:00:00]} Bxc3 {[%emt 0:00:00]} 41. bxc3 {[%emt 0:02:09]} Ra6 {[%emt 0:00:35]} 42. Ra2 {[%emt 0:00:00]} f5 {[%emt 0:00:30]} 43. Ra1 {[%emt 0:08:00]} f4 {[%emt 0:05:30]} 44. Ke2 {[%emt 0:15:30]} Re6+ {[%emt 0:06:30]} 45. Kd2 {[%emt 0:00:02]} Rd6+ {[%emt 0:00:30]} 46. Kc2 {[%emt 0:01:11]} Rd3 {[%emt 0:00:30]} 47. Rg1 {[%emt 0:00:25]} h6 {[%emt 0:00:30]} 48. h4 {[%emt 0:00:18]} gxh4 {[%emt 0:00:30]} 49. Rh1 {[%emt 0:01:43]} Rxf3 {[%emt 0:00:30]} 50. Rxh4 {[%emt 0:00:07]} Rxf2+ {[%emt 0:01:01]} 51. Kb1 {[%emt 0:00:05]} f3 {[%emt 0:00:05]} 52. Rh5+ {[%emt 0:02:51]} Kd6 {[%emt 0:00:24]} 53. Kc1 {[%emt 0:02:57]} Ra2 {[%emt 0:00:30]} 54. Kd1 {[%emt 0:00:30]} Ra1+ {[%emt 0:00:30]} 0-1

[Event "Turkish Super League 2019"]
[Site "Konya"]
[Date "2019.07.27"]
[Round "12"]
[White "Gadimbayli, Abdulla"]
[Black "Mchedlishvili, Mikheil"]
[Result "1/2-1/2"]
[WhiteElo "2414"]
[BlackElo "2571"]
[Annotator "TA"]
[PlyCount "81"]
[EventDate "2019.07.17"]
[EventType "team-tourn"]
[EventCountry "TUR"]
[SourceTitle "playchess.com"]
[Source "ChessBase"]
[SourceQuality "1"]

{[%evp 9,81,18,12,11,29,31,33,30,44,23,35,0,15,3,18,15,25,26,25,14,20,0,0,0,8,0,11,14,18,0,16,6,16,9,20,0,0,-8,0,-10,0,-39,-10,-7,0,0,0,-37,-39,-37,54,37,41,25,41,58,57,0,5,0,0,-20,-16,-24,-9,-18,0,-6,12,0,0,1,11,0]} 1. e4 c5 2. Nf3 d6 3. Bb5+ Nd7 4. O-O a6 5. Be2 Ngf6 6. d3 {B51: Sicilian: Moscow Variation (3 Bb5+) without 3...Bd7} g6 (6... e6 7. a4 b6 8. Ng5 h6 9. Nh3 d5 10. exd5 Nxd5 11. Bf3 Ra7 12. Bxd5 exd5 13. Re1+ Be7 {0-1 (42) Paravyan,D (2627)-Cheparinov,I (2683) Skopje 2019}) 7. c4 b6 8. Nc3 {White is slightly better.} Bb7 9. h3 Bg7 10. Be3 $146 ({Predecessor:} 10. Rb1 O-O 11. Qc2 e6 12. b4 Qc7 13. Be3 Rac8 {½-½ (56) Pino Munoz,F (2190)-Kamp,S (2256) ICCF email 2011}) 10... O-O 11. Rb1 e6 12. b4 Qc7 13. Qb3 Rab8 14. Rfd1 Rfc8 15. Rbc1 Bc6 16. a4 Qd8 17. b5 Bb7 18. bxa6 Bxa6 19. Bf4 Ne8 20. Bg5 Qc7 21. Nb5 Qb7 22. Bf4 Bxb5 23. cxb5 Ra8 24. Rc2 Ra7 25. Be3 Rca8 26. Ra2 $1 d5 27. exd5 exd5 28. Nd2 Nc7 29. g3 Bd4 (29... Nf8 $15) 30. Bxd4 $14 cxd4 31. Qb4 Nc5 {[%cal Ra7a4]} 32. Rda1 Ra5 {next ...Nxb5! is good for Black.} 33. Qxd4 (33. Bf3 $14) 33... Nxb5 $1 $11 {[%mdl 64] [#] Pin} 34. Qb2 Nc7 $36 {[%cal Rc5a4][%mdl 2048] Black has some pressure.} 35. Qc2 N7e6 {Black wants to play ...Nd4.} 36. Nf3 Qc7 37. Bd1 {The position is equal.} Qa7 38. d4 Nd7 39. Be2 Nf6 40. Bb5 Qc7 {[#] Strongly threatening ...Qxc2.} 41. Qe2 {Accuracy: White = 39%, Black = 50%.} 1/2-1/2

[Event "Turkish Super League 2019"]
[Site "Konya"]
[Date "2019.07.27"]
[Round "12"]
[White "Kerigan, Demre"]
[Black "Injac, Teodora"]
[Result "1/2-1/2"]
[WhiteElo "2398"]
[BlackElo "2305"]
[Annotator "TA"]
[PlyCount "69"]
[EventDate "2019.07.17"]
[EventType "team-tourn"]
[EventCountry "TUR"]
[SourceTitle "playchess.com"]
[Source "ChessBase"]
[SourceQuality "1"]

{[%evp 10,69,17,4,5,0,0,0,0,0,26,16,14,13,34,23,38,35,25,28,25,4,0,0,18,16,19,18,18,18,19,19,12,11,24,21,20,-6,0,0,0,0,0,0,0,0,0,0,-3,-9,-1,-5,0,0,0,0,0,0,0,0,0,0]} 1. e4 c5 2. Nf3 d6 3. Bb5+ Nd7 4. O-O a6 5. Bxd7+ Bxd7 6. Re1 e6 {B51: Sicilian: Moscow Variation (3 Bb5+) without 3...Bd7} (6... Bg4 7. c3 e6 8. d4 Nf6 9. dxc5 dxc5 10. Qxd8+ Rxd8 11. Ne5 Bh5 12. f3 Nd7 13. Nxd7 Rxd7 14. Be3 {½-½ (46) Zvjaginsev,V (2633)-Sjugirov,S (2663) Yaroslavl 2018}) 7. d4 cxd4 8. Qxd4 Nf6 9. Nc3 e5 $146 ({Predecessor:} 9... Be7 10. Bg5 Bc6 11. Rad1 O-O 12. Bxf6 Bxf6 13. Qxd6 Qxd6 14. Rxd6 Bxc3 15. bxc3 Rac8 16. Nd4 Ba4 17. Re3 e5 18. Nb3 f6 19. Kf1 Kf7 {1-0 (55) Ameir,M (2395)-Anwar,A (2114) Alexandria 2017}) 10. Qd3 h6 11. Nd2 b5 12. Nf1 b4 13. Nd5 Nxd5 14. Qxd5 Be7 15. Ne3 O-O 16. a3 Be6 17. Qd3 a5 18. axb4 axb4 19. Bd2 Qb6 20. Nd5 Bxd5 $1 21. Qxd5 Rxa1 22. Rxa1 Bg5 {The position is equal.} 23. Rd1 Bxd2 24. Rxd2 $11 {[%mdl 4096] Endgame KQR-KQR} Rc8 25. g3 Qc5 26. Qxc5 Rxc5 {KR-KR} 27. b3 Rc6 28. Kf1 Kf8 29. Ke1 Ke7 30. Kd1 Ke6 31. Rd5 Rb6 32. Kd2 f5 33. f3 fxe4 34. fxe4 Rb7 35. Ra5 {Accuracy: White = 76%, Black = 84%.} 1/2-1/2

[Event "Turkish Super League 2019"]
[Site "Konya"]
[Date "2019.07.27"]
[Round "12"]
[White "Gulbas, Cemil"]
[Black "Arat, Ufuk Sezen"]
[Result "0-1"]
[WhiteElo "2380"]
[BlackElo "2376"]
[Annotator "NA"]
[PlyCount "98"]
[EventDate "2019.07.17"]
[EventType "team-tourn"]
[EventCountry "TUR"]
[SourceTitle "playchess.com"]
[Source "ChessBase"]
[SourceQuality "1"]
[TimeControl "40/5400+30:1800+30"]

1. e4 e5 2. Nf3 Nf6 3. Nxe5 d6 4. Nf3 Nxe4 5. Nc3 Nxc3 6. dxc3 Be7 7. Be3 O-O 8. Qd2 Nd7 9. O-O-O c6 10. h3 d5 11. Nd4 Nc5 12. f3 Ne6 13. Nf5 Bg5 14. f4 Bf6 15. g4 d4 16. cxd4 Qd5 17. Kb1 Qxh1 18. Bg2 Qxd1+ 19. Qxd1 Rd8 20. Qg1 Nc7 21. Ng3 Nd5 22. Bd2 Nb6 23. c3 Bh4 24. Nf1 Be6 25. b3 Re8 26. Ne3 Rad8 27. Kc2 g6 28. Bf3 Bd5 29. Nxd5 Nxd5 30. c4 Nc7 31. Ba5 Rd7 32. f5 Bf6 33. Bxc7 Rxc7 34. g5 Be7 {[%emt 1:43:50]} 35. h4 {[%emt 1:43:39]} Bd6 {[%emt 0:00:30]} 36. f6 {[%emt 0:02:37]} Rd7 {[%emt 0:02:05]} 37. Qg4 {[%emt 0:00:55]} Rdd8 {[%emt 0:00:40]} 38. c5 {[%emt 0:00:57]} Bf8 {[%emt 0:01:01]} 39. b4 {[%emt 0:00:22]} Re1 {[%emt 0:00:41]} 40. b5 {[%emt 0:00:00]} cxb5 {[%emt 0:00:00]} 41. Bxb7 {[%emt 0:02:00]} b4 {[%emt 0:10:43]} 42. Qf4 {[%emt 0:10:30]} Rde8 {[%emt 0:10:53]} 43. Bd5 {[%emt 0:02:25]} R8e3 {[%emt 0:01:23]} 44. Qg4 {[%emt 0:06:50]} h5 {[%emt 0:01:57]} 45. gxh6 {[%emt 0:00:48]} Kh8 {[%emt 0:02:10]} 46. Bc4 {[%emt 0:05:50]} Bxh6 {[%emt 0:00:30]} 47. Bd3 {[%emt 0:02:47]} Rc1+ {[%emt 0:00:35]} 48. Kxc1 {[%emt 0:00:48]} Rg3+ {[%emt 0:00:05]} 49. Qg5 {[%emt 0:00:00]} Bxg5+ {[%emt 0:01:11]} 0-1

[Event "Turkish Super League 2019"]
[Site "Konya"]
[Date "2019.07.27"]
[Round "12"]
[White "Tarlabasi, Emirhan"]
[Black "Ozen, Deniz"]
[Result "1/2-1/2"]
[WhiteElo "2352"]
[BlackElo "2430"]
[Annotator "NA"]
[PlyCount "63"]
[EventDate "2019.07.17"]
[EventType "team-tourn"]
[EventCountry "TUR"]
[SourceTitle "playchess.com"]
[Source "ChessBase"]
[SourceQuality "1"]
[TimeControl "40/5400+30:1800+30"]

1. d4 d5 2. c4 c6 3. Nf3 Nf6 4. Nc3 dxc4 5. a4 Bf5 6. e3 e6 7. Bxc4 Bb4 8. O-O Nbd7 9. Qe2 O-O 10. e4 Bg4 11. Rd1 Qc7 12. h3 Bxf3 13. Qxf3 e5 14. d5 cxd5 15. Bxd5 Bxc3 16. Qxc3 Qxc3 17. bxc3 Nc5 18. Ba3 Rfc8 19. Bxc5 Rxc5 20. Bxb7 Rb8 21. a5 Kf8 22. a6 Rxc3 23. Rac1 Rxc1 24. Rxc1 Ne8 25. g3 Ke7 26. Rc5 f6 {[%emt 1:15:00]} 27. f4 {[%emt 1:18:30]} Kd6 {[%emt 0:00:30]} 28. Rd5+ {[%emt 0:10:26]} Ke6 {[%emt 0:00:00]} 29. Rb5 {[%emt 0:00:28]} Kd6 {[%emt 0:01:00]} 30. Rd5+ {[%emt 0:04:14]} Ke6 {[%emt 0:01:30]} 31. Rb5 {[%emt 0:00:45]} Kd6 {[%emt 0:00:30]} 32. Rd5+ {[%emt 0:01:33]} 1/2-1/2

[Event "Turkish Super League 2019"]
[Site "Konya"]
[Date "2019.07.27"]
[Round "12"]
[White "Ozturk, Kubra"]
[Black "Tsolakidou, Stavroula"]
[Result "0-1"]
[WhiteElo "2317"]
[BlackElo "2423"]
[Annotator "NA"]
[PlyCount "100"]
[EventDate "2019.07.17"]
[EventType "team-tourn"]
[EventCountry "TUR"]
[SourceTitle "playchess.com"]
[Source "ChessBase"]
[SourceQuality "1"]
[TimeControl "40/5400+30:1800+30"]

1. d4 Nf6 2. c4 e6 3. Nc3 Bb4 4. g3 O-O 5. Bg2 d6 6. Nf3 Bxc3+ 7. bxc3 Nbd7 8. O-O Re8 9. Bf4 Qe7 10. h3 h6 11. Qc2 e5 12. Be3 e4 13. Nd2 b6 14. Rae1 Bb7 15. f3 Rab8 16. g4 b5 17. f4 Nb6 18. g5 hxg5 19. fxg5 Nh5 20. g6 fxg6 21. cxb5 Nd5 22. Qb3 Ng3 23. Rf4 Kh8 24. Rg4 Nxe3 25. Rxg3 Qh4 26. Kh2 Nf5 27. Nf1 Nxg3 28. Nxg3 Rf8 29. Qe6 Rf2 30. Rf1 Rbf8 31. d5 Rxf1 32. Nxf1 Rf2 33. Ng3 Qg5 34. c4 e3 35. a4 Kh7 36. a5 Rf8 {[%emt 1:44:04]} 37. Qe4 {[%emt 1:43:18]} Bc8 {[%emt 0:00:30]} 38. h4 {[%emt 0:00:30]} Qg4 {[%emt 0:00:30]} 39. h5 {[%emt 0:01:05]} Rf6 {[%emt 0:03:36]} 40. hxg6+ {[%emt 0:00:00]} Rxg6 {[%emt 0:00:00]} 41. Qxg4 {[%emt 0:07:37]} Rxg4 {[%emt 0:05:50]} 42. Be4+ {[%emt 0:00:30]} g6 {[%emt 0:00:30]} 43. Bd3 {[%emt 0:01:30]} Rf4 {[%emt 0:03:30]} 44. Kg2 {[%emt 0:06:30]} Kg7 {[%emt 0:00:30]} 45. a6 {[%emt 0:02:42]} Kf6 {[%emt 0:03:30]} 46. Ne4+ {[%emt 0:05:46]} Ke5 {[%emt 0:00:30]} 47. Nc3 {[%emt 0:00:08]} Bf5 {[%emt 0:01:09]} 48. Bxf5 {[%emt 0:10:57]} gxf5 {[%emt 0:00:16]} 49. c5 {[%emt 0:01:53]} dxc5 {[%emt 0:01:20]} 50. d6 {[%emt 0:00:43]} Kxd6 {[%emt 0:00:49]} 0-1

[Event "Turkish Super League 2019"]
[Site "Konya"]
[Date "2019.07.27"]
[Round "12"]
[White "Tasdogen, Dincer"]
[Black "Annaberdiyev, Babageldi"]
[Result "1-0"]
[WhiteElo "2310"]
[BlackElo "2244"]
[Annotator "NA"]
[PlyCount "105"]
[EventDate "2019.07.17"]
[EventType "team-tourn"]
[EventCountry "TUR"]
[SourceTitle "playchess.com"]
[Source "ChessBase"]
[SourceQuality "1"]
[TimeControl "40/5400+30:1800+30"]

1. e4 c6 2. d4 d5 3. Nc3 dxe4 4. Nxe4 Nf6 5. Nxf6+ exf6 6. c3 Bd6 7. Bd3 O-O 8. Ne2 Re8 9. O-O Nd7 10. Bf4 Nf8 11. Qd2 Ng6 12. Bxd6 Qxd6 13. Ng3 Qf4 14. Qxf4 Nxf4 15. Rfe1 Be6 16. Bf1 f5 17. c4 Red8 18. Rad1 Rd7 19. Rd2 Rad8 20. Red1 g5 21. b3 Kg7 22. Ne2 Nh5 23. d5 cxd5 24. Nd4 Nf6 25. c5 Ng4 26. Re1 Kf6 27. f3 Ne5 28. Rde2 Nc6 29. Nxe6 fxe6 30. Rxe6+ Kf7 31. h4 gxh4 32. Rh6 Kg7 33. Rxh4 d4 34. Bd3 Re7 35. Rxe7+ Nxe7 36. Kf2 Ng6 37. Rh1 Rd5 38. b4 {[%emt 1:47:48]} Ne7 {[%emt 1:40:01]} 39. g4 {[%emt 0:00:30]} h6 {[%emt 0:00:30]} 40. gxf5 {[%emt 0:00:00]} a5 {[%emt 0:00:00]} 41. Re1 {[%emt 0:15:16]} Nc6 {[%emt 0:11:59]} 42. Be4 {[%emt 0:00:50]} Rd7 {[%emt 0:00:30]} 43. b5 {[%emt 0:01:25]} Nb4 {[%emt 0:06:30]} 44. a3 {[%emt 0:03:57]} Na2 {[%emt 0:00:30]} 45. c6 {[%emt 0:03:16]} bxc6 {[%emt 0:00:30]} 46. bxc6 {[%emt 0:00:17]} Rc7 {[%emt 0:00:30]} 47. Rg1+ {[%emt 0:04:57]} Kf8 {[%emt 0:02:30]} 48. Bd5 {[%emt 0:01:47]} Nc3 {[%emt 0:02:37]} 49. Rg8+ {[%emt 0:00:30]} Ke7 {[%emt 0:00:30]} 50. Rg7+ {[%emt 0:00:00]} Kd6 {[%emt 0:00:40]} 51. Rxc7 {[%emt 0:00:00]} Kxc7 {[%emt 0:00:30]} 52. f6 {[%emt 0:00:00]} d3 {[%emt 0:04:00]} 53. Ke1 {[%emt 0:00:00]} 1-0

[Event "Turkish Super League 2019"]
[Site "Konya"]
[Date "2019.07.27"]
[Round "12"]
[White "Caglar, Sila"]
[Black "Mammadzada, Gunay"]
[Result "1/2-1/2"]
[WhiteElo "2306"]
[BlackElo "2427"]
[Annotator "NA RC"]
[PlyCount "43"]
[EventDate "2019.07.17"]
[EventType "team-tourn"]
[EventCountry "TUR"]
[SourceTitle "playchess.com"]
[Source "ChessBase"]
[SourceQuality "1"]
[TimeControl "40/5400+30:1800+30"]

1. e4 {[%emt 0:00:30]} c5 {[%emt 0:00:30]} 2. Nf3 {[%emt 0:00:30]} d6 {[%emt 0:00:00]} 3. d4 {[%emt 0:00:00]} cxd4 {[%emt 0:00:00]} 4. Nxd4 {[%emt 0:00:00]} Nf6 {[%emt 0:00:00]} 5. Nc3 {[%emt 0:00:00]} a6 {[%emt 0:00:00]} 6. Bg5 {[%emt 0:01:00]} Nbd7 {[%emt 0:00:30]} 7. Qe2 {[%emt 0:00:00]} h6 {[%emt 0:00:00]} 8. Bh4 {[%emt 0:00:00]} g6 {[%emt 0:00:00]} 9. f4 {[%emt 0:00:00]} e5 {[%emt 0:00:30]} 10. fxe5 {[%emt 0:00:00]} dxe5 {[%emt 0:00:30]} 11. O-O-O {[%emt 0:00:30]} Qc7 {[%emt 0:00:30]} 12. Nb3 {[%emt 0:00:30]} b5 {[%emt 0:00:00]} 13. Rxd7 {[%emt 0:00:00]} Nxd7 {[%emt 0:00:00]} 14. Nd5 {[%emt 0:00:00]} Qb8 {[%emt 0:00:30]} 15. Na5 {[%emt 0:00:30]} Bg7 {[%emt 0:13:30]} 16. Qf3 {[%emt 0:01:30]} O-O {[%emt 0:02:30]} 17. Be7 {[%emt 0:01:30]} Re8 {[%emt 0:14:30]} 18. Nc6 {[%emt 0:00:30]} Qb7 {[%emt 0:00:30]} 19. Na5 {[%emt 0:00:30]} Qb8 {[%emt 0:06:30]} 20. Nc6 {[%emt 0:00:30]} Qb7 {[%emt 0:00:30]} 21. Na5 {[%emt 0:00:00]} Qb8 {[%emt 0:00:00]} 22. Nc6 {[%emt 0:00:00]} 1/2-1/2